| 000 | 00555nam a2200205Ia 4500 | ||
|---|---|---|---|
| 005 | 20250923150015.0 | ||
| 008 | 008 250917s9999 xx 000 0 eng d | ||
| 037 | _aTextual | ||
| 040 |
_aDSWL _beng _cDSWL |
||
| 041 |
_aeng _2eng |
||
| 084 |
_aY:5:4, N97 _qDSWL |
||
| 100 |
_aCrook, N. _9841223 |
||
| 245 | 0 |
_aPrinciples of population and development _c by N. Crook |
|
| 260 |
_aOxford _b O.U.P. _c1997 |
||
| 300 | _ax,225 p. | ||
| 365 |
_aINR _b595.00 |
||
| 925 | _g595.00 | ||
| 942 |
_cTEXL _hY:5:4, N97 |
||
| 999 |
_c1458428 _d1458428 |
||